000 005280000a22001930004500
003 LK-CoMWRAF
005 20231109104835.0
008 230817t2000 ||||| |||| 00| 0 eng d
020 _a8176491764
040 _aLK-CoMWRAF
_dLK-CoMWRAF
_eLK-CoMWRAF
041 _aeng
082 _a658.4
_bBLA
100 _aBlank, Warren
245 _aThe 9 Natural Laws of Leadership
260 _aNew Delhi:
_bViva books,
_c2000
300 _axv, 240 p. : ill. ; 24 cm.
_bBibliography and index included
650 _aLEADERSHIP
942 _cBK
999 _c350
_d350